000 01867cam a22002174a 4500
005 20250605164112.0
008 250528s ||||||||||||||||||||||||d
035 _a17931
020 _a130807850
040 _aGR-AtMCL
_bgre
_dGR-AtMCL
_eAACR2
245 1 _aStrategic Management / Concepts and Cases
250 _a7th
260 _bPrentice Hall,
_c1999
300 _a528
505 0 _aPreface, Introduction: How to Analyze a Business Policy Case, Instructions for Using the Strategy Formulator Software, Overview of Strategic Management, The Nature of Strategic Management, Strategies in Action, Strategy Formulation, The Business Mission, The External Assessmernt, The Internal Assessment, Strategy Analysis and Choice, Strategy Implementation, Implementing Strategies: Management Issues, Implementing Strategies: Marketing and Finance/ Accounting and R&D AND CIS, Strategy Evaluation, Strategy Review and Evaluation and Control, Global Issues in Strategic Management, International Strategic Management, Service Companies, Name and Subject and Company Index, Cases.
520 _aPreface, Introduction: How to Analyze a Business Policy Case, Instructions for Using the Strategy Formulator Software, Overview of Strategic Management, The Nature of Strategic Management, Strategies in Action, Strategy Formulation, The Business Mission, The External Assessmernt, The Internal Assessment, Strategy Analysis and Choice, Strategy Implementation, Implementing Strategies: Management Issues, Implementing Strategies: Marketing and Finance/ Accounting and R&D AND CIS, Strategy Evaluation, Strategy Review and Evaluation and Control, Global Issues in Strategic Management, International Strategic Management, Service Companies, Name and Subject and Company Index, Cases.
700 1 _aDavid Fred R
_94230
942 _cBK
999 _c3329
_d3329